La historia de Tucán = (Record no. 173957)

MARC details
000 -CABECERA
campo de control de longitud fija 00775nam a2200241 u 4500
005 - FECHA Y HORA DE LA ÚLTIMA TRANSACCIÓN
campo de control 20220916063618.0
008 - ELEMENTOS DE LONGITUD FIJA--INFORMACIÓN GENERAL
campo de control de longitud fija 150219s2007 r 000 0 eng d
020 ## - NÚMERO INTERNACIONAL NORMALIZADO PARA LIBROS
Número Internacional Estándar del Libro 9788466762793
035 ## - NÚMERO DE CONTROL DEL SISTEMA
Número de control de sistema UPN01000201856
049 ## - COLECCIÓN
Colección I
050 #4 - SIGNATURA TOPOGRÁFICA DE LA BIBLIOTECA DEL CONGRESO
Número de clasificación PZ10.3
Número de documento/Ítem M3.37
100 1# - ASIENTO PRINCIPAL--NOMBRE PERSONAL
Nombre de persona McKee, David,
Fechas asociadas al nombre 1935-
9 (RLIN) 29650
245 13 - MENCIÓN DE TÍTULO
Título La historia de Tucán =
Resto del título Two Can Toucan /
Mención de responsabilidad, etc. David McKee.
260 ## - PUBLICACIÓN, DISTRIBUCIÓN, ETC.
Lugar de publicación, distribución, etc. Madrid :
Nombre del editor, distribuidor, etc. Anaya,
Fecha de publicación, distribución, etc. 2007.
300 ## - DESCRIPCIÓN FÍSICA
Extensión [32] p. :
Otras características físicas il. col. +1 CD-ROM ; 4 3/4 plg.
440 #0 - MENCIÓN DE SERIE/ASIENTO SECUNDARIO--TÍTULO
Título We read, Leemos : En inglés y castellano
500 ## - NOTA GENERAL
Nota general El CD-ROM solicítalo en el mostrador de préstamo
650 #0 - ASIENTO SECUNDARIO DE MATERIA - TERMINO TEMATICO
Término de materia o nombre geográfico como elemento de entrada Animales
Subdivisión de forma Cuentos y leyendas
9 (RLIN) 234
650 #7 - ASIENTO SECUNDARIO DE MATERIA - TERMINO TEMATICO
Término de materia o nombre geográfico como elemento de entrada Libros ilustrados para niños
Fuente del encabezamiento o término
9 (RLIN) 21365
740 0# - ASIENTO SECUNDARIO - TÍTULOS RELACIONADOS /ANALITICOS NO CONTROLADOS
Título relacionado o analítico no controlado Two Can Toucan
905 ## - TIPO DE MATERIAL
Tipo de material Infantil
Holdings
Estado de retiro Estado de pérdida Fuente del sistema de clasificación o colocación Estado dañado No para préstamo Código de colección Localización permanente Ubicación/localización actual Ubicación en estantería Fecha de adquisición Total de préstamos Clasificación Código de barras Fecha visto por última vez Número de copia Tipo de ítem Koha Precio válido a partir de Nota pública
    Library of Congress Classification     Infantil Bib. Gregorio Torres Quintero Bib. Gregorio Torres Quintero Sala infantil Planta baja 10/05/2023 2 PZ10.3 M3.37 302101 31/12/2020 1 Libro    
    Library of Congress Classification     Materiales complementarios y otros recursos electrónicos  Bib. Gregorio Torres Quintero Bib. Gregorio Torres Quintero Mostrador de préstamo Planta baja 23/09/2024   PZ10.3 M3.37 340020 23/09/2024   Disco Compacto 23/09/2024 Solicítalo en el mostrador de préstamo